| 000 | 00783nas a2200277 4500 | ||
|---|---|---|---|
| 001 | BR7701268 | ||
| 003 | BR-BrBNA | ||
| 005 | 20231205083120.0 | ||
| 007 | ta | ||
| 008 | 230509b bl.|||p| |||| 00| 00por d | ||
| 040 |
_aBR-BrBNA _bpor _cBiblioteca Nacional de Agricultura |
||
| 041 | _a(Pt) | ||
| 072 | _aH60 | ||
| 100 | 1 | _aSilva, H.T. da | |
| 100 | 1 | _aWeiss, B. | |
| 100 | 1 | _aKoehn, D. | |
| 100 | 1 | _aArzivenco, L. | |
| 100 | 1 | _aDutra, P.R. | |
| 245 | 1 | _aPlantas invasoras da cultura da soja (Glycine max (L.)Merril)no Rio Grande do Sul [Brasil] | |
| 650 | _aERVA DANINHA | ||
| 650 | _aSOJA | ||
| 650 | _aRIO GRANDE DO SUL | ||
| 773 | 0 |
_tSemente (Brazil) _x _g(Dec 1976), v. 2(2) p. 35-43 _wBR7701268 |
|
| 909 |
_a202311 _bLúcia _c55 _dLúcia Elande |
||
| 942 |
_2AGRIS _n0 _cANA |
||
| 999 |
_c96508 _d96508 |
||